Recent progress in microcalorimetry /
Guardado en:
| Autor Principal: | |
|---|---|
| Otros Autores: | , |
| Formato: | Libro |
| Idioma: | English French |
| Publicado: |
New York :
Macmillan,
1963.
|
| Materias: | |
| Etiquetas: |
Agregar Etiqueta
Sin Etiquetas, Sea el primero en etiquetar este registro!
|
| LEADER | 00861cam a22002415a 4500 | ||
|---|---|---|---|
| 001 | EIQ.libpla000514 | ||
| 008 | 840131s1963####nyua#####b####001#0#eng#d | ||
| 005 | 20060518143145.0 | ||
| 245 | 1 | 0 | |a Recent progress in microcalorimetry / |c by E. Calvet and H. Prat ; edited and translated from the French by H.A. Skinner. |
| 260 | |a New York : |b Macmillan, |c 1963. | ||
| 300 | |a xii, 177 p. : |b il. ; |c 23 cm. | ||
| 500 | |a "A Pergamon Press book." | ||
| 504 | |a Incluye referencias bibliográficas e índice. | ||
| 100 | 1 | |a Calvet, E. |q (Edouard) | |
| 700 | 1 | |a Prat, H. |q (Henri), |d 1902- | |
| 700 | 1 | |a Skinner, H. A., |e tr. |4 trl | |
| 082 | 0 | 0 | |a 536.6 |
| 650 | 4 | |a Calorimetría |x Progreso reciente. | |
| 650 | 4 | |a Calorimetry |x Recent progress. | |
| 010 | |a 62009175 | ||
| 040 | |a DLC/ICU |c ICU |d AR-BbSID | ||
| 041 | 1 | |a eng |h fre | |
| 859 | |a AR-BbSID |b BIB. PLAPIQUI |h 536.6 |i C 139 |p 333 | ||
